Missing Word: John Denver Songs Quiz Stats

 Plays Quiz Updated Dec 10, 2017

Challenge
Share
Tweet
Embed
Score 0/20 Timer 04:00
0 Plays Today
Song Title Missing Word % Correct
_____ Me Home, Country RoadsTake
95%
_____ on a Jet PlaneLeaving
92.4%
Thank God I'm a _____ BoyCountry
90.5%
Rocky Mountain _____High
89.5%
Back _____ AgainHome
82.8%
_____ on My ShouldersSunshine
74.9%
_____ SongAnnie's
69%
Grandma's _____ BedFeather
48%
Rhymes & _____Reasons
35.5%
_____ AwayFly
33.6%
Song Title Missing Word % Correct
Poems, Prayers and _____Promises
33.4%
I Guess He'd Rather Be in _____Colorado
31.3%
For _____ (For Bobbie)Baby
20.1%
This Old _____Guitar
19.4%
My Sweet _____Lady
15.5%
Sweet _____Surrender
14.8%
Cool an' _____ an' ShadyGreen
13.7%
_____ MeFollow
9.4%
The _____ is YouMusic
8.7%
_____ LovePerhaps
8.6%

Today's Daily Dose

You're not logged in!

Compare scores with friends on all Sporcle quizzes.
OR
Log In

You Might Also Like...

Show Comments

Extras

Top Quizzes Today


Score Distribution

Your Account Isn't Verified!

In order to create a playlist on Sporcle, you need to verify the email address you used during registration. Go to your Sporcle Settings to finish the process.

Report this User

Report this user for behavior that violates our Community Guidelines.

Details: